Гражданское право. Ч. 2 (Запись № 1401151)

Подробности
000 -МАРКЕР
контрольное поле 01968nam2a2200325 4500
001 - ИДЕНТИФИКАТОР ЗАПИСИ
контрольное поле RU\NLR\bibl\1438895
005 - ИДЕНТИФИКАТОР ВЕРСИИ
контрольное поле 20250615223955.0
010 ## - МЕЖДУНАРОДНЫЙ СТАНДАРТНЫЙ НОМЕР КНИГИ (ISBN)
Номер (ISBN) 978-5-699-37001-6
Тираж 2500
021 ## - НОМЕР ГОСУДАРСТВЕННОЙ РЕГИСТРАЦИИ
Код страны Российская Федерация
Номер 2009-88044
Номер Листа государственной регистраци 400д
035 ## - ДРУГИЕ СИСТЕМНЫЕ НОМЕРА
Идентификатор записи (NLR Aleph) 001430757
100 ## - ДАННЫЕ ОБЩЕЙ ОБРАБОТКИ
Данные общей обработки 20091116d2010 |||y0rusy50 ca
101 0# - ЯЗЫК РЕСУРСА
Язык текста, звукозаписи и т.д. русский
102 ## - СТРАНА ПУБЛИКАЦИИ ИЛИ ПРОИЗВОДСТВА
Страна публикации Российская Федерация
105 ## - ПОЛЕ КОДИРОВАННЫХ ДАННЫХ: ТЕКСТОВЫЕ МАТЕРИАЛЫ, МОНОГРАФИЧЕСКИЕ
Кодированные данные о монографическом текстовом документе y |||||||||
200 0# - ЗАГЛАВИЕ И СВЕДЕНИЯ ОБ ОТВЕТСТВЕННОСТИ
Основное заглавие Ч. 2
Первые сведения об ответственности [Арсланов Камиль Маратович, к.ю.н., доц., Бакунин Сергей Николаевич, к.ю.н., проф., Булыгин Михаил Михайлович, к.ю.н. и др.]
210 ## - ПУБЛИКАЦИЯ, РАСПРОСТРАНЕНИЕ И ДР.
Дата издания, распространения и т.д. 2010
Место издания, распространения и т.д. Б. м.
215 ## - ФИЗИЧЕСКАЯ ХАРАКТЕРИСТИКА
Специфическое обозначение материала и объем 702 с.
320 ## - ПРИМЕЧАНИЯ О НАЛИЧИИ В ДОКУМЕНТЕ БИБЛИОГРАФИИ / УКАЗАТЕЛЯ
Текст примечания Библиогр. в конце гл. и в подстроч. прим.
461 #0 - УРОВЕНЬ НАБОРА
Встроенное поле 001RU\NLR\bibl\1449757
-- 2001#$aГражданское право$vЧ. 2
Системный номер (АБИС) связанной записи 1466400
Место публикации Москва
Дата публикации 2010
Издание 2-е изд., перераб. и доп.
Первые сведения об ответственности Барков Алексей Владимирович - д.ю.н., доц., Иванов Вячеслав Игоревич - к.ю.н., проф., засл. юрист РФ, Камышанский Владимир Павлович - д.ю.н., проф., почет. работник высш. проф. образования РФ]
Имя издателя, распространителя и т.д. Эксмо
Сведения, относящиеся к заглавию учебник : для студентов высших учебных заведений, обучающихся по специальности 030501.65 "Юриспруденция" : [в 3 ч.
Заглавие Гражданское право
Номер тома Ч. 2
701 #1 - ИМЯ ЛИЦА - АЛЬТЕРНАТИВНАЯ ОТВЕТСТВЕННОСТЬ
Начальный элемент ввода Арсланов
Часть имени, кроме начального элемента ввода К. М.
Расширение инициалов личного имени Камиль Маратович
Код отношения Автор
701 #1 - ИМЯ ЛИЦА - АЛЬТЕРНАТИВНАЯ ОТВЕТСТВЕННОСТЬ
Код отношения Автор
Графика поля Кириллица
Материалы, к которым относится поле rus
Начальный элемент ввода Бакунин
Часть имени, кроме начального элемента ввода С. Н.
Дополнения к именам, кроме дат юрист
Расширение инициалов личного имени Сергей Николаевич
Системный номер авторитетной/нормативной записи 8317
Идентификатор авторитетной/нормативной записи RU\NLR\AUTH\7725268
701 #1 - ИМЯ ЛИЦА - АЛЬТЕРНАТИВНАЯ ОТВЕТСТВЕННОСТЬ
Начальный элемент ввода Булыгин
Часть имени, кроме начального элемента ввода М. М.
Расширение инициалов личного имени Михаил Михайлович
Код отношения Автор
801 #0 - ИСТОЧНИК ЗАПИСИ
Страна Российская Федерация
Организация NLR
Дата составления 20091116
Правила каталогизации RCR
801 #1 - ИСТОЧНИК ЗАПИСИ
Страна Российская Федерация
Организация NLR
Дата составления 20091116
830 ## - ОБЩЕЕ ПРИМЕЧАНИЕ, СОСТАВЛЕННОЕ КАТАЛОГИЗАТОРОМ
Текст примечания авт. по кн.
942 ## - ДОПОЛНИТЕЛЬНЫЕ ЭЛЕМЕНТЫ ЗАПИСИ (АБИС)
Тип экземпляра АБИС Книга
980 ## - КОЛЛЕКЦИЯ
Название коллекции Национальная библиография
Экземпляры
Тип экземпляра Дата поступления Источник поступления Библиотека постоянного хранения Библиотека текущего хранения Место хранения Шифр хранения Штрих-код Статус экземпляра Стоимость
Книга 16.11.2009 Обязательный экземпляр РНБ (Московский) РНБ (Московский) Русский книжный фонд: издания с 1957 года 2009-5/10022 3039756    
Книга 16.11.2009 Обязательный экземпляр РНБ (Московский) РНБ (Московский) Русский книжный фонд: издания с 1957 года 2009-5/10022 3039757    
Книга 18.03.2010 Покупка РНБ (Московский) РНБ (Московский) Фонд общего зала социально-экономической литературы С1 Х623/Г-756-К 1-576266   375.00